000 00510nam a2200181Ia 4500
999 _c28654
_d28654
003 OSt
005 20210112145107.0
008 190216s9999||||xx |||||||||||||| ||und||
020 _a9788126411665
040 _coclc
082 _a894.81
_bSNAI/T
100 _aNair, P Kunhiraman
_96699
245 0 _aThiranjedutha Kavithakal /
_cP Kunhiraman
260 _bDc Books,
_aKottayam:
_c2006.
300 _a815p
650 _aKavithakal
942 _cBK
_2ddc
_h894.81
_iSNAI/T
_k894.81
_mSNAI/T